[Event "BCF-chT4S 1920 (4NCL)"]
[Site "England"]
[Date "2019.11.10"]
[Round "2.113"]
[White "Hylands, Keith"]
[Black "Campbell, Mark C"]
[Result "0-1"]
[WhiteElo "1397"]
[BlackElo "1889"]
[PlyCount "62"]
[EventDate "2019.11.09"]
[EventType "team-swiss"]
[EventRounds "11"]
[EventCountry "ENG"]
[SourceTitle "EXT 2022"]
[Source "ChessBase"]
[SourceDate "2021.10.06"]
[SourceVersion "1"]
[SourceVersionDate "2021.10.06"]
[SourceQuality "1"]
[WhiteTeam "Watford II"]
[BlackTeam "Cambridge University III"]
[WhiteTeamCountry "ENG"]
[BlackTeamCountry "ENG"]

1. e4 c5 2. Nf3 d6 3. g3 Nc6 4. Bg2 g6 5. c3 Nf6 6. d3 Bg7 7. 0-0 0-0 8. Re1 Qb6 9. Qb3 Qa6 10. Bf1 Be6 11. Qc2 b5 12. Nbd2 Qb6 13. Bg2 b4 14. c4 a5 15. Rb1 a4 16. Qd1 Qc7 17. h3 Ra6 18. Nf1 Nd7 19. N1d2 Rb8 20. Ng5 Nd4 21. Nxe6 Nxe6 22. f4 Nd4 23. Nf3 b3 24. Nxd4 Bxd4+ 25. Kh2 bxa2 26. Ra1 a3 27. Rxa2 axb2 28. Bxb2 Rxa2 29. Bxd4 cxd4 30. f5 Rbb2 31. Qf3 Rxg2+ 0-1

[Event "BCF-chT4S 1617 (4NCL)"]
[Site "England"]
[Date "2017.03.19"]
[Round "8.52"]
[White "Campbell, Mark C"]
[Black "Taylor, William J"]
[Result "0-1"]
[WhiteElo "1933"]
[BlackElo "2035"]
[PlyCount "44"]
[EventDate "2016.11.26"]
[EventType "team-swiss"]
[EventRounds "11"]
[EventCountry "ENG"]
[SourceTitle "EXT 2019"]
[Source "ChessBase"]
[SourceDate "2018.10.10"]
[SourceVersion "1"]
[SourceVersionDate "2018.10.10"]
[SourceQuality "1"]
[WhiteTeam "Cambridge University III"]
[BlackTeam "West is Best II"]
[WhiteTeamCountry "ENG"]
[BlackTeamCountry "WLS"]

1. e4 e5 2. Nf3 Nc6 3. Bb5 a6 4. Ba4 Nf6 5. 0-0 b5 6. Bb3 Bb7 7. Re1 Bc5 8. c3 d6 9. d4 Bb6 10. Bg5 h6 11. Bxf6 Qxf6 12. d5 Ne7 13. a4 g5 14. Qe2 Ng6 15. g3 h5 16. axb5 g4 17. Nfd2 h4 18. Nc4 hxg3 19. hxg3 Bxf2+ 20. Qxf2 Rh1+ 21. Kxh1 Qxf2 22. Rg1 Ke7 0-1

[Event "BCF-chT3Sb 1617 (4NCL)"]
[Site "England"]
[Date "2017.03.18"]
[Round "7.65"]
[White "Campbell, Mark C"]
[Black "Salmons, Calum"]
[Result "0-1"]
[WhiteElo "1924"]
[BlackElo "1700"]
[PlyCount "126"]
[EventDate "2016.11.26"]
[EventType "team-tourn"]
[EventRounds "11"]
[EventCountry "ENG"]
[SourceTitle "EXT 2019"]
[Source "ChessBase"]
[SourceDate "2018.10.10"]
[SourceVersion "1"]
[SourceVersionDate "2018.10.10"]
[SourceQuality "1"]
[WhiteTeam "Cambridge University II"]
[BlackTeam "Sussex Martlets II"]
[WhiteTeamCountry "ENG"]
[BlackTeamCountry "ENG"]

1. e4 c5 2. Nf3 d6 3. d4 cxd4 4. Nxd4 Nf6 5. Nc3 g6 6. Be3 Bg7 7. f3 0-0 8. Qd2 Nc6 9. 0-0-0 d5 10. Qe1 e5 11. Nxc6 bxc6 12. exd5 Nxd5 13. Bc5 Re8 14. Bc4 Qg5+ 15. Qd2 Qxd2+ 16. Rxd2 Nxc3 17. bxc3 Bh6 18. Kd1 Bxd2 19. Kxd2 Be6 20. Ba6 Rad8+ 21. Ke2 e4 22. a4 Bd5 23. f4 Rd7 24. Rb1 e3 25. g3 Be6 26. Bxe3 Rde7 27. Kf2 Bc8 28. Bxc8 Rxe3 29. Bd7 Re2+ 30. Kf1 R8e7 31. a5 Rxh2 32. Bxc6 Rxc2 33. a6 Rxc3 34. Rb8+ Kg7 35. Bb7 Rxg3 36. Kf2 Ra3 37. Ra8 h5 38. Rxa7 Rxa6 39. Rxa6 Rxb7 40. Ra3 Kf6 41. Kg3 Rb5 42. Rc3 Kf5 43. Re3 h4+ 44. Kf3 h3 45. Kg3 h2 46. Kxh2 Kxf4 47. Ra3 Rb4 48. Kg2 Rb2+ 49. Kh3 Re2 50. Ra4+ Re4 51. Ra6 Kg5 52. Kg3 f5 53. Kf3 Re5 54. Ra4 f4 55. Rxf4 Rf5 56. Rxf5+ Kxf5 57. Kg3 Kg5 58. Kh3 Kf4 59. Kh4 g5+ 60. Kh3 Kf3 61. Kh2 g4 62. Kh1 Kf2 63. Kh2 g3+ 0-1

[Event "BCF-chT4S 1617 (4NCL)"]
[Site "England"]
[Date "2017.01.14"]
[Round "3.91"]
[White "Amato, Giampiero"]
[Black "Campbell, Mark C"]
[Result "1-0"]
[WhiteElo "2007"]
[BlackElo "1930"]
[PlyCount "97"]
[EventDate "2016.11.26"]
[EventType "team-swiss"]
[EventRounds "11"]
[EventCountry "ENG"]
[SourceTitle "EXT 2019"]
[Source "ChessBase"]
[SourceDate "2018.10.10"]
[SourceVersion "1"]
[SourceVersionDate "2018.10.10"]
[SourceQuality "1"]
[WhiteTeam "CSC Rhinos"]
[BlackTeam "Cambridge University III"]
[WhiteTeamCountry "ENG"]
[BlackTeamCountry "ENG"]

1. e4 c5 2. Nf3 d6 3. d4 cxd4 4. Nxd4 Nf6 5. Nc3 a6 6. f4 Qc7 7. Bd3 e5 8. Nf3 b5 9. a3 Nbd7 10. 0-0 Be7 11. fxe5 dxe5 12. Nh4 Nc5 13. Nf5 Bxf5 14. Rxf5 Qd6 15. Bg5 0-0 16. Bxf6 Bxf6 17. Nd5 Bd8 18. b4 Nxd3 19. Qxd3 Qe6 20. c4 bxc4 21. Qxc4 Bb6+ 22. Kh1 Bd4 23. Raf1 Rac8 24. Qe2 f6 25. g4 h6 26. h4 Rcd8 27. Qf3 Qd6 28. Qb3 Kh8 29. a4 Rb8 30. Qf3 Rfe8 31. g5 fxg5 32. hxg5 hxg5 33. Qh5+ Qh6 34. Qxh6+ gxh6 35. Rf7 Kg8 36. Rd7 Rf8 37. Nf6+ Rxf6 38. Rxf6 Rxb4 39. Rxa6 Rb1+ 40. Kg2 Rb2+ 41. Kf3 Rf2+ 42. Kg4 Rf8 43. Rg6+ Kh8 44. Rxh6+ Kg8 45. Kh5 Ra8 46. Rc6 Be3 47. a5 Kf8 48. a6 Ke8 49. Rh7 1-0

[Event "BCF-chT4 1516 (4NCL)"]
[Site "England"]
[Date "2016.05.01"]
[Round "10.99"]
[White "Campbell, Mark C"]
[Black "Kitchen, Peter J"]
[Result "1-0"]
[WhiteElo "1943"]
[BlackElo "1655"]
[PlyCount "105"]
[EventDate "2015.11.14"]
[EventType "team-swiss"]
[EventRounds "11"]
[EventCountry "ENG"]
[SourceTitle "EXT 2017"]
[Source "ChessBase"]
[SourceDate "2016.10.25"]
[SourceVersion "1"]
[SourceVersionDate "2016.10.25"]
[SourceQuality "1"]
[WhiteTeam "Cambridge III"]
[BlackTeam "Shropshire III"]
[WhiteTeamCountry "ENG"]
[BlackTeamCountry "ENG"]

1. e4 e6 2. d4 d5 3. e5 c5 4. c3 Nc6 5. Nf3 Qb6 6. a3 Bd7 7. b4 cxd4 8. cxd4 Rc8 9. Be3 Nh6 10. Bd3 Ng4 11. 0-0 Nxe3 12. fxe3 Be7 13. Nbd2 0-0 14. Nb3 Nb8 15. Qe2 a6 16. Nc5 Bb5 17. Bxb5 axb5 18. Rfc1 Qc6 19. Ra2 b6 20. Nb3 Qd7 21. Rac2 Rc4 22. Nbd2 Rxc2 23. Rxc2 Nc6 24. Qxb5 Nxe5 25. Qxb6 Nxf3+ 26. Nxf3 Ra8 27. Ne5 Qd6 28. Qb7 Rb8 29. Rc8+ Rxc8 30. Qxc8+ Bf8 31. Nd7 g6 32. Qxf8+ Qxf8 33. Nxf8 Kxf8 34. a4 Ke8 35. b5 Kd7 36. a5 Kc7 37. Kf2 f6 38. Kf3 e5 39. Ke2 e4 40. h4 f5 41. g3 h6 42. Kd2 g5 43. hxg5 hxg5 44. Ke2 g4 45. Kd2 Kb7 46. Kc3 Kc7 47. Kb4 Kc8 48. b6 Kb8 49. a6 Kc8 50. Kb5 f4 51. Kc6 Kb8 52. a7+ Ka8 53. Kc7 1-0

[Event "BCF-chT4 1516 (4NCL)"]
[Site "England"]
[Date "2016.04.30"]
[Round "9.157"]
[White "Graham, Cassie M"]
[Black "Campbell, Mark C"]
[Result "1-0"]
[WhiteElo "1812"]
[BlackElo "1943"]
[PlyCount "155"]
[EventDate "2015.11.14"]
[EventType "team-swiss"]
[EventRounds "11"]
[EventCountry "ENG"]
[SourceTitle "EXT 2017"]
[Source "ChessBase"]
[SourceDate "2016.10.25"]
[SourceVersion "1"]
[SourceVersionDate "2016.10.25"]
[SourceQuality "1"]
[WhiteTeam "Sussex Martlets II"]
[BlackTeam "Cambridge III"]
[WhiteTeamCountry "ENG"]
[BlackTeamCountry "ENG"]

1. e4 c5 2. Nc3 Nc6 3. f4 g6 4. Nf3 Bg7 5. Bc4 e6 6. f5 Nge7 7. fxe6 fxe6 8. d3 d5 9. Bb3 b5 10. 0-0 c4 11. dxc4 dxc4 12. Qxd8+ Kxd8 13. Nxb5 cxb3 14. axb3 Bd7 15. c3 Rf8 16. Be3 a6 17. Rfd1 Kc8 18. Bc5 Bf6 19. Nd6+ Kc7 20. Nc4 Bc8 21. e5 Bg7 22. Bd6+ Kb7 23. Nd4 Rg8 24. Ra4 Nd5 25. Na5+ Nxa5 26. Rxa5 Bd7 27. Rf1 Bf8 28. Rf7 Bxd6 29. Rxd7+ Bc7 30. Nxe6 Kc6 31. Raxd5 Bxe5 32. Nd4+ Bxd4+ 33. Rxd4 h6 34. R4d6+ Kc5 35. b4+ Kc4 36. Rc6+ Kb3 37. Rd2 h5 38. Rc5 Rgf8 39. Ra5 Rae8 40. Ra3+ Kc4 41. Ra1 Rf6 42. Rf1 Rfe6 43. h3 Kb3 44. Ra1 Rf8 45. Rf1 Rfe8 46. Rdf2 R8e7 47. Ra1 Rd7 48. Ra3+ Kc4 49. Kh2 Kd3 50. Ra1 Kc4 51. Raf1 Rdd6 52. Rf4+ Kb3 53. R1f2 Rb6 54. h4 Rbd6 55. b5 axb5 56. Rb4+ Ka2 57. Rxb5 Rc6 58. Rb4 Re3 59. Rbf4 Ree6 60. Kg3 Kb3 61. Kf3 Rcd6 62. Rb4+ Ka2 63. Rd4 Rc6 64. Rfd2 Kb3 65. Rb4+ Ka2 66. Rd5 Kb1 67. Rd2 Kc1 68. Rf2 Rcd6 69. Rd4 Rc6 70. Rdd2 Kb1 71. Rfe2 Rf6+ 72. Kg3 Ka2 73. Rf2 Rfe6 74. Kh3 Re3+ 75. Rf3 Re4 76. Rdf2 Ree6 77. c4 Rxc4 78. b3+ 1-0

[Event "BCF-chT4 1516 (4NCL)"]
[Site "England"]
[Date "2016.02.13"]
[Round "5.205"]
[White "Campbell, Mark C"]
[Black "Hendy, Jerry"]
[Result "1-0"]
[WhiteElo "1943"]
[BlackElo "1832"]
[PlyCount "47"]
[EventDate "2015.11.14"]
[EventType "team-swiss"]
[EventRounds "11"]
[EventCountry "ENG"]
[SourceTitle "EXT 2017"]
[Source "ChessBase"]
[SourceDate "2016.10.25"]
[SourceVersion "1"]
[SourceVersionDate "2016.10.25"]
[SourceQuality "1"]
[WhiteTeam "Cambridge III"]
[BlackTeam "Throw in the Tal II"]
[WhiteTeamCountry "ENG"]
[BlackTeamCountry "ENG"]

1. e4 c5 2. Nf3 d6 3. d4 cxd4 4. Nxd4 Nf6 5. Nc3 a6 6. f4 e6 7. Qf3 Be7 8. Be3 0-0 9. g4 e5 10. Nf5 Bxf5 11. exf5 Nc6 12. 0-0-0 Rc8 13. g5 Nd7 14. Rg1 exf4 15. Qxf4 Re8 16. g6 Nce5 17. gxh7+ Kh8 18. Qg3 Bf6 19. Nd5 Nc4 20. Nxf6 Qxf6 21. Bd4 Nde5 22. Bxc4 Rxc4 23. Bxe5 dxe5 24. Rd6 1-0

[Event "BCF-chT4 1516 (4NCL)"]
[Site "England"]
[Date "2016.01.17"]
[Round "4.186"]
[White "Dickson, George A"]
[Black "Campbell, Mark C"]
[Result "1-0"]
[WhiteElo "2009"]
[BlackElo "1943"]
[PlyCount "37"]
[EventDate "2015.11.14"]
[EventType "team-swiss"]
[EventRounds "11"]
[EventCountry "ENG"]
[SourceTitle "EXT 2017"]
[Source "ChessBase"]
[SourceDate "2016.10.25"]
[SourceVersion "1"]
[SourceVersionDate "2016.10.25"]
[SourceQuality "1"]
[WhiteTeam "Iceni"]
[BlackTeam "Cambridge III"]
[WhiteTeamCountry "ENG"]
[BlackTeamCountry "ENG"]

1. e4 c5 2. Nf3 d6 3. d3 Nc6 4. g3 g6 5. Bg2 Bg7 6. 0-0 e6 7. c3 Nge7 8. Be3 0-0 9. Qd2 b6 10. Bh6 d5 11. Bxg7 Kxg7 12. e5 f6 13. d4 cxd4 14. exf6+ Rxf6 15. Nxd4 Nxd4 16. Qxd4 Qd6 17. Re1 Bb7 18. Nd2 Raf8 19. Ne4 1-0

[Event "BCF-chT4 1516 (4NCL)"]
[Site "England"]
[Date "2016.01.16"]
[Round "3.166"]
[White "Campbell, Mark C"]
[Black "Davies, Peter L"]
[Result "0-1"]
[WhiteElo "1943"]
[BlackElo "2016"]
[PlyCount "100"]
[EventDate "2015.11.14"]
[EventType "team-swiss"]
[EventRounds "11"]
[EventCountry "ENG"]
[SourceTitle "EXT 2017"]
[Source "ChessBase"]
[SourceDate "2016.10.25"]
[SourceVersion "1"]
[SourceVersionDate "2016.10.25"]
[SourceQuality "1"]
[WhiteTeam "Cambridge III"]
[BlackTeam "The Full Ponty"]
[WhiteTeamCountry "ENG"]
[BlackTeamCountry "ENG"]

1. e4 e5 2. Nf3 Nc6 3. Bb5 a6 4. Ba4 Nf6 5. 0-0 Nxe4 6. d4 b5 7. Bb3 d5 8. dxe5 Be6 9. c3 Bc5 10. Nbd2 0-0 11. Bc2 Nxf2 12. Rxf2 f6 13. exf6 Bxf2+ 14. Kxf2 Qxf6 15. Kg1 Ne5 16. Nxe5 Qxe5 17. Nf3 Qh5 18. Qd4 Rae8 19. Be3 Bg4 20. Nd2 c6 21. Nf1 Bd7 22. Ng3 Qg4 23. Qxg4 Bxg4 24. Bd4 g6 25. Bd3 Bd7 26. Rf1 Rxf1+ 27. Kxf1 Kf7 28. Kf2 Bg4 29. h3 Bd7 30. Be3 Ke6 31. Ne2 Rf8+ 32. Kg3 Re8 33. Kh4 Kf7 34. Bd4 Rc8 35. Bc5 Re8 36. g4 h6 37. Kg3 g5 38. Kf3 Rh8 39. Ng3 Re8 40. Kf2 Be6 41. Nh5 d4 42. Bxd4 Bxa2 43. Bg7 Bc4 44. Bxc4+ bxc4 45. Bxh6 Kg6 46. Bg7 Rb8 47. Be5 Rxb2+ 48. Ke1 a5 49. Kd1 Rb5 50. Bd6 Rd5+ 0-1

[Event "BCF-chT4 1516 (4NCL)"]
[Site "England"]
[Date "2015.11.14"]
[Round "1.99"]
[White "Campbell, Mark C"]
[Black "Karia, Kamlesh"]
[Result "1-0"]
[WhiteElo "1943"]
[BlackElo "1637"]
[PlyCount "93"]
[EventDate "2015.11.14"]
[EventType "team-swiss"]
[EventRounds "11"]
[EventCountry "ENG"]
[SourceTitle "EXT 2017"]
[Source "ChessBase"]
[SourceDate "2016.10.25"]
[SourceVersion "1"]
[SourceVersionDate "2016.10.25"]
[SourceQuality "1"]
[WhiteTeam "Cambridge III"]
[BlackTeam "Barnet Knights III"]
[WhiteTeamCountry "ENG"]
[BlackTeamCountry "ENG"]

1. e4 e5 2. Nf3 Nc6 3. Bb5 Nge7 4. 0-0 g6 5. c3 Bg7 6. d4 a6 7. Ba4 b5 8. Bb3 d6 9. h3 0-0 10. Bg5 h6 11. Bh4 Kh7 12. dxe5 Nxe5 13. Nxe5 Bxe5 14. f4 Bh8 15. f5 g5 16. Bg3 Bb7 17. Nd2 Nc6 18. Qh5 Qe7 19. h4 Bf6 20. hxg5 Bxg5 21. Nf3 Ne5 22. Bxe5 dxe5 23. Rae1 Rad8 24. Bxf7 Qf6 25. Bb3 Bf4 26. Nh4 Qg5 27. Qg6+ Qxg6 28. Nxg6 Rf6 29. Nxf4 exf4 30. Rxf4 Rd2 31. Rf2 Rxf2 32. Kxf2 c5 33. Be6 Rf8 34. Ke3 Rd8 35. Re2 Kg7 36. e5 Kf8 37. g4 c4 38. Rd2 Rxd2 39. Kxd2 Ke7 40. Bg8 Bf3 41. f6+ Kf8 42. Be6 Be4 43. Ke3 Bg6 44. Kd4 h5 45. gxh5 Bxh5 46. Kc5 Be8 47. Kb6 1-0

[Event "BCF-chT3S 1415 (4NCL)"]
[Site "England"]
[Date "2014.11.16"]
[Round "2.67"]
[White "Farkas, Daniel"]
[Black "Campbell, Mark C"]
[Result "1-0"]
[WhiteElo "2129"]
[BlackElo "1957"]
[PlyCount "61"]
[EventDate "2014.11.15"]
[EventType "team-swiss"]
[EventRounds "6"]
[EventCountry "ENG"]
[SourceTitle "CBM 163 Extra"]
[Source "ChessBase"]
[SourceDate "2014.12.23"]
[SourceVersion "1"]
[SourceVersionDate "2014.12.23"]
[SourceQuality "1"]
[WhiteTeam "Fermented Sharks"]
[BlackTeam "Cambridge III"]
[WhiteTeamCountry "ENG"]
[BlackTeamCountry "ENG"]

1. e4 c5 2. c3 Nf6 3. e5 Nd5 4. Nf3 e6 5. Bc4 Nb6 6. Bb3 d5 7. d4 Nc6 8. 0-0 Bd7 9. Re1 Qc7 10. Be3 Na5 11. Nbd2 Nxb3 12. axb3 a6 13. dxc5 Bxc5 14. Bxc5 Qxc5 15. Nd4 0-0 16. N2f3 Nc8 17. Re3 Ne7 18. Qc2 Rac8 19. Ng5 g6 20. Qd2 Kg7 21. Nxh7 Rh8 22. Nf6 Bb5 23. Rf3 Rh4 24. Qg5 Rch8 25. Ng4 Ng8 26. Qf4 Be8 27. h3 Ne7 28. Nxe6+ fxe6 29. Qf6+ Kg8 30. Qf8+ Kh7 31. Nf6# 1-0

[Event "BCF-chT3S 1213 (4NCL)"]
[Site "England"]
[Date "2013.01.13"]
[Round "4.136"]
[White "Hassall, Mark Ian"]
[Black "Campbell, Mark C"]
[Result "1/2-1/2"]
[WhiteElo "1943"]
[BlackElo "1996"]
[PlyCount "102"]
[EventDate "2012.11.03"]
[EventType "team-swiss"]
[EventRounds "6"]
[EventCountry "ENG"]
[SourceTitle "EXT 2014"]
[Source "ChessBase"]
[SourceDate "2013.11.20"]
[SourceVersion "1"]
[SourceVersionDate "2013.11.20"]
[SourceQuality "1"]
[WhiteTeam "Bristol II"]
[BlackTeam "Cambridge III"]
[WhiteTeamCountry "ENG"]
[BlackTeamCountry "ENG"]

1. e4 c5 2. Nf3 d6 3. d4 cxd4 4. Nxd4 Nf6 5. Nc3 a6 6. Bg5 e6 7. f4 Be7 8. Qf3 Qc7 9. 0-0-0 Nbd7 10. g4 b5 11. Bxf6 Nxf6 12. g5 Nd7 13. f5 Nc5 14. f6 gxf6 15. gxf6 Bf8 16. Rg1 b4 17. Nce2 Bb7 18. Ng3 0-0-0 19. Bg2 Rg8 20. Kb1 Rg6 21. Bh1 Bh6 22. Rge1 Bg5 23. Nh5 Rdg8 24. Qf2 Nd7 25. Rg1 Bxf6 26. Nxf6 Nxf6 27. Rxg6 Rxg6 28. Qd2 Bxe4 29. Bxe4 Nxe4 30. Qxb4 Nc5 31. Nf3 Rg2 32. Qd4 d5 33. Qh8+ Kb7 34. Qxh7 Ne4 35. Nd4 Rxh2 36. Qg7 e5 37. Rc1 exd4 38. Qxd4 Qc5 39. Qe5 Rf2 40. a3 Nd2+ 41. Ka2 Qc4+ 42. b3 Qe4 43. Qd6 Qe6 44. Qb4+ Qb6 45. Qe7+ Ka8 46. Qe8+ Qb8 47. Qc6+ Qb7 48. Qe8+ Ka7 49. Qe3+ Qb6 50. Qe7+ Qb7 51. Qe3+ Qb6 1/2-1/2

[Event "BCF-chT3S 1213 (4NCL)"]
[Site "England"]
[Date "2012.11.04"]
[Round "2.60"]
[White "Conterno, Dominique"]
[Black "Campbell, Mark C"]
[Result "1/2-1/2"]
[WhiteElo "1897"]
[BlackElo "1996"]
[PlyCount "57"]
[EventDate "2012.11.03"]
[EventType "team-swiss"]
[EventRounds "6"]
[EventCountry "ENG"]
[SourceTitle "EXT 2014"]
[Source "ChessBase"]
[SourceDate "2013.11.20"]
[SourceVersion "1"]
[SourceVersionDate "2013.11.20"]
[SourceQuality "1"]
[WhiteTeam "The Rookies"]
[BlackTeam "Cambridge II"]
[WhiteTeamCountry "ENG"]
[BlackTeamCountry "ENG"]

1. e4 c5 2. Nf3 d6 3. d4 cxd4 4. Nxd4 Nf6 5. Nc3 a6 6. Bc4 e6 7. Bb3 Be7 8. Be3 0-0 9. Qe2 b5 10. 0-0-0 Qc7 11. g4 Nc6 12. g5 Nxd4 13. Rxd4 Nd7 14. Rg1 Bb7 15. Rg3 Rfc8 16. Qh5 g6 17. Qh6 Bf8 18. Qh4 Bg7 19. Rh3 Nf8 20. Rd3 Qc6 21. Bd4 a5 22. Bxg7 Kxg7 23. a4 bxa4 24. Bxa4 Qc5 25. Qf4 Bc6 26. Qxd6 Bxa4 27. Qxc5 Rxc5 28. Nxa4 Rxg5 29. Rhg3 1/2-1/2

[Event "BCF-chT3S 1112 (4NCL)"]
[Site "England"]
[Date "2012.02.12"]
[Round "6.1"]
[White "Myall, Ivan J"]
[Black "Campbell, Mark C"]
[Result "1-0"]
[WhiteElo "2060"]
[BlackElo "1982"]
[PlyCount "37"]
[EventDate "2011.11.12"]
[EventType "team-swiss"]
[EventRounds "6"]
[EventCountry "ENG"]
[SourceTitle "EXT 2013"]
[Source "ChessBase"]
[SourceDate "2012.11.22"]
[SourceVersion "1"]
[SourceVersionDate "2012.11.22"]
[SourceQuality "1"]
[WhiteTeam "Anglian Avengers II"]
[BlackTeam "Cambridge III"]
[WhiteTeamCountry "ENG"]
[BlackTeamCountry "ENG"]

1. e4 c5 2. c3 Nf6 3. e5 Nd5 4. d4 cxd4 5. Nf3 e6 6. cxd4 b6 7. Bd3 Bb7 8. 0-0 d6 9. Bd2 Nd7 10. Nc3 Nxc3 11. Bxc3 Be7 12. Qe2 0-0 13. Rfd1 Qb8 14. Rac1 dxe5 15. dxe5 Nc5 16. Bb1 Bd5 17. b4 Na4 18. Qc2 Nxc3 19. Qxh7# 1-0

[Event "BCF-chT3S 1112 (4NCL)"]
[Site "England"]
[Date "2012.02.11"]
[Round "5.2"]
[White "Bucher, Grant"]
[Black "Campbell, Mark C"]
[Result "1-0"]
[WhiteElo "2011"]
[BlackElo "1982"]
[PlyCount "69"]
[EventDate "2011.11.12"]
[EventType "team-swiss"]
[EventRounds "6"]
[EventCountry "ENG"]
[SourceTitle "EXT 2013"]
[Source "ChessBase"]
[SourceDate "2012.11.22"]
[SourceVersion "1"]
[SourceVersionDate "2012.11.22"]
[SourceQuality "1"]
[WhiteTeam "Sussex Smart Survivors"]
[BlackTeam "Cambridge III"]
[WhiteTeamCountry "ENG"]
[BlackTeamCountry "ENG"]

1. e4 c5 2. Nf3 d6 3. d4 cxd4 4. Nxd4 Nf6 5. Nc3 a6 6. Bc4 e6 7. Bb3 Be7 8. 0-0 0-0 9. f4 b5 10. f5 e5 11. Nde2 Bb7 12. Ng3 Nbd7 13. Bg5 Rc8 14. a3 Rc5 15. Rf2 Qa8 16. Nh5 Rd8 17. Bxf6 Nxf6 18. Nxf6+ Bxf6 19. Bd5 Rd7 20. Bxb7 Qxb7 21. Nd5 Bd8 22. Rf3 f6 23. Rh3 h6 24. c3 Rc4 25. Qe2 Rf7 26. Rd1 a5 27. Rh4 Qc6 28. h3 Rc5 29. Qg4 Kh8 30. Qg6 Qd7 31. Rd3 b4 32. Rg3 Qe8 33. Rxh6+ gxh6 34. Nxf6 Qf8 35. Qg8+ 1-0

[Event "BCF-chT3 0809 (4NCL)"]
[Site "Hinckley Island"]
[Date "2009.03.22"]
[Round "8.4"]
[White "Fallowfield, Nicholas"]
[Black "Campbell, Mark C"]
[Result "0-1"]
[WhiteElo "2060"]
[BlackElo "1995"]
[PlyCount "122"]
[EventDate "2008.10.18"]
[EventType "team-swiss"]
[EventRounds "11"]
[EventCountry "ENG"]
[SourceTitle "EXT 2010"]
[Source "ChessBase"]
[SourceDate "2010.11.25"]
[SourceVersion "1"]
[SourceVersionDate "2010.11.25"]
[SourceQuality "1"]
[WhiteTeam "Warwicks Select II"]
[BlackTeam "Cambridge II"]
[WhiteTeamCountry "ENG"]
[BlackTeamCountry "ENG"]

1. Nf3 Nf6 2. c4 e6 3. g3 b6 4. Bg2 Bb7 5. 0-0 Be7 6. b3 0-0 7. Bb2 d5 8. d3 c5 9. e3 Nbd7 10. Nc3 a6 11. Rc1 Rc8 12. Rc2 Rc7 13. Ne2 Qa8 14. Ne5 Nxe5 15. Bxe5 Rd7 16. Bxf6 Bxf6 17. d4 cxd4 18. Nxd4 dxc4 19. Bxb7 Qxb7 20. Qf3 Qxf3 21. Nxf3 c3 22. Nd4 Bxd4 23. exd4 Rc8 24. Rfc1 Rdc7 25. Kf1 b5 26. a3 a5 27. b4 axb4 28. axb4 Rc4 29. Ke2 Kf8 30. Kd3 Rd8 31. Rxc3 Rdxd4+ 32. Ke3 Rxc3+ 33. Rxc3 Rxb4 34. Rc7 g5 35. h3 Kg7 36. Rb7 Kg6 37. Rb8 Rb3+ 38. Ke2 Rb2+ 39. Kf3 b4 40. Rb5 b3 41. Rb4 Rb1 42. Kg2 b2 43. Rb6 Kf5 44. Kf3 h5 45. g4+ hxg4+ 46. hxg4+ Ke5 47. Rb4 Kd5 48. Rb8 e5 49. Rd8+ Kc6 50. Rb8 e4+ 51. Kg2 Kd5 52. Rb5+ Kd4 53. Rb8 Ke5 54. Rb7 Kd4 55. Rd7+ Kc3 56. Rc7+ Kd3 57. Rd7+ Ke2 58. Rb7 f6 59. Rb6 Kd3 60. Rd6+ Kc3 61. Rb6 Rc1 0-1

[Event "BCF-chT3 0809 (4NCL)"]
[Site "Hinckley Island"]
[Date "2009.03.21"]
[Round "7.4"]
[White "Campbell, Mark C"]
[Black "Tucker, Andrew"]
[Result "1-0"]
[WhiteElo "1995"]
[BlackElo "1977"]
[PlyCount "47"]
[EventDate "2008.10.18"]
[EventType "team-swiss"]
[EventRounds "11"]
[EventCountry "ENG"]
[SourceTitle "EXT 2010"]
[Source "ChessBase"]
[SourceDate "2010.11.25"]
[SourceVersion "1"]
[SourceVersionDate "2010.11.25"]
[SourceQuality "1"]
[WhiteTeam "Cambridge II"]
[BlackTeam "Sussex Smart Controls"]
[WhiteTeamCountry "ENG"]
[BlackTeamCountry "ENG"]

1. e4 c5 2. Nf3 Nc6 3. d4 cxd4 4. Nxd4 Nf6 5. Nc3 e6 6. Ndb5 Bb4 7. a3 Bxc3+ 8. Nxc3 d5 9. exd5 exd5 10. Bg5 0-0 11. Bxf6 Qxf6 12. Qxd5 Re8+ 13. Be2 Bg4 14. f3 Rad8 15. Qc5 Nd4 16. 0-0-0 b6 17. Qc4 Be6 18. Qa6 Bc8 19. Qc4 b5 20. Qc7 Rd7 21. Qc5 Qh6+ 22. Kb1 Nxe2 23. Nxe2 Rde7 24. Qxe7 1-0

[Event "BCF-chT3 0809 (4NCL)"]
[Site "Hinckley Island"]
[Date "2009.02.08"]
[Round "6.5"]
[White "Duvall, Ian"]
[Black "Campbell, Mark C"]
[Result "1-0"]
[WhiteElo "2047"]
[BlackElo "1995"]
[PlyCount "79"]
[EventDate "2008.10.18"]
[EventType "team-swiss"]
[EventRounds "11"]
[EventCountry "ENG"]
[SourceTitle "EXT 2010"]
[Source "ChessBase"]
[SourceDate "2010.11.25"]
[SourceVersion "1"]
[SourceVersionDate "2010.11.25"]
[SourceQuality "1"]
[WhiteTeam "AMCA Dragons"]
[BlackTeam "Cambridge II"]
[WhiteTeamCountry "ENG"]
[BlackTeamCountry "ENG"]

1. d4 Nf6 2. c4 e6 3. g3 d5 4. Nf3 c5 5. Bg2 Nc6 6. cxd5 exd5 7. 0-0 Be6 8. Nc3 Be7 9. dxc5 Bxc5 10. Bg5 Be7 11. Qa4 Qa5 12. Qxa5 Nxa5 13. Nb5 0-0 14. Nfd4 Rfc8 15. Rac1 Nc6 16. Nxe6 fxe6 17. Bh3 Kf7 18. Bf4 Ne8 19. Rfd1 a6 20. Nc3 Rd8 21. Na4 e5 22. Bd2 h6 23. Nb6 Rab8 24. Nd7 Ra8 25. Rxc6 bxc6 26. Nxe5+ Kf8 27. Nxc6 Rd6 28. Nxe7 Kxe7 29. Bb4 Nf6 30. Rc1 Rad8 31. Rc6 a5 32. Ba3 Ne8 33. Ra6 Kf7 34. Bxd6 Nxd6 35. Rxa5 Nc4 36. Ra7+ Kf6 37. b3 Ne5 38. f4 Nf7 39. Kf2 d4 40. Rd7 1-0